Conducta admirable de la divina providencia en salvar al hombre por medio de Jesucristo

Detalles Bibliográficos
Autor principal: LIGORIO, Alfonso de ( San )
Formato: Libro
Publicado: Madrid 1851
Materias:
Colección:Banco de datos
Acervo:Biblioteca del Ex Convento de Nuestra Señora de Guadalupe. Zacatecas
Descripción Física:1a parte
Tema general:Ascética
Notas:Regular. XVII,8,25 (5512)
LEADER 00737nam a22002050004500
035 |a 44016 
036 |a 5200 
100 1 |a LIGORIO, Alfonso de ( San ) 
245 1 0 |a Conducta admirable de la divina providencia en salvar al hombre por medio de Jesucristo 
260 |a Madrid  |b ed. Imprenta de Ancos  |c 1851 
300 |a 1a parte 
500 |a Regular. XVII,8,25 (5512) 
650 1 0 |a Ascética 
949 |a CRZ-CG 
959 |a Ex convento de Nuestra Señora de Guadalupe, Museo Regional de Zacatecas, Zacatecas  |b CCC4 
960 |a Convento de Nuestra Señora de Guadalupe, Zacatecas  |b DD87 
961 |a Franciscana  |b OF 
942 |c CRZ-CG 
943 |g Biblioteca del Ex Convento de Nuestra Señora de Guadalupe. Zacatecas 
999 |c 968143  |d 968143